Quiz geral de países - Selecione - Statistics

Estatísticas Gerais
  • Esse quiz foi jogado 222 vezes
  • A pontuação média é 36 de 60
Estatísticas das Respostas
Questão Bloco Select % Correto
Menos de 100 000 km² de área Não
90%
Menos de 100 000 km² de área Não
89%
Mais turista em 2021 (Apenas os 5 primeiros) Não
89%
Mais turista em 2021 (Apenas os 5 primeiros) Não
89%
mais vulcões ativos (Apenas 5 primeiros) Não
85%
Menos de 100 000 km² de área Não
84%
Mais turista em 2021 (Apenas os 5 primeiros) Sim
83%
Menos de 100 000 km² de área Não
81%
Quantidade de habitantes menor que 10 milhões Não
80%
mais vulcões ativos (Apenas 5 primeiros) Não
79%
Quantidade de habitantes menor que 10 milhões Não
78%
Menos de 100 000 km² de área Não
78%
IDH abaixo de 0,400 Não
78%
Quantidade de habitantes menor que 10 milhões Não
77%
Mais turista em 2021 (Apenas os 5 primeiros) Não
77%
Mais turista em 2021 (Apenas os 5 primeiros) Não
76%
Mais turista em 2021 (Apenas os 5 primeiros) Sim
76%
Mais turista em 2021 (Apenas os 5 primeiros) Sim
74%
Quantidade de habitantes menor que 10 milhões Não
72%
Quantidade de habitantes menor que 10 milhões Não
72%
mais vulcões ativos (Apenas 5 primeiros) Sim
70%
mais vulcões ativos (Apenas 5 primeiros) Não
70%
Quantidade de habitantes menor que 10 milhões Não
69%
Quantidade de habitantes menor que 10 milhões Não
68%
mais vulcões ativos (Apenas 5 primeiros) Não
64%
mais vulcões ativos (Apenas 5 primeiros) Não
59%
IDH abaixo de 0,400 Não
59%
Menos de 100 000 km² de área Sim
58%
Mais turista em 2021 (Apenas os 5 primeiros) Não
58%
IDH abaixo de 0,400 Sim
58%
IDH abaixo de 0,400 Sim
58%
Menos de 100 000 km² de área Sim
57%
IDH abaixo de 0,400 Não
57%
Quantidade de habitantes menor que 10 milhões Sim
56%
IDH abaixo de 0,400 Não
56%
Menos de 100 000 km² de área Sim
55%
Mais turista em 2021 (Apenas os 5 primeiros) Não
55%
Quantidade de habitantes menor que 10 milhões Sim
54%
Menos de 100 000 km² de área Sim
54%
Mais turista em 2021 (Apenas os 5 primeiros) Não
53%
mais vulcões ativos (Apenas 5 primeiros) Sim
52%
mais vulcões ativos (Apenas 5 primeiros) Não
50%
IDH abaixo de 0,400 Sim
50%
Quantidade de habitantes menor que 10 milhões Sim
49%
mais vulcões ativos (Apenas 5 primeiros) Sim
48%
Menos de 100 000 km² de área Não
47%
IDH abaixo de 0,400 Não
47%
Menos de 100 000 km² de área Não
46%
mais vulcões ativos (Apenas 5 primeiros) Não
46%
Quantidade de habitantes menor que 10 milhões Sim
44%
IDH abaixo de 0,400 Não
43%
Menos de 100 000 km² de área Sim
41%
Quantidade de habitantes menor que 10 milhões Sim
39%
IDH abaixo de 0,400 Não
39%
IDH abaixo de 0,400 Sim
35%
Mais turista em 2021 (Apenas os 5 primeiros) Sim
34%
mais vulcões ativos (Apenas 5 primeiros) Sim
29%
IDH abaixo de 0,400 Sim
26%
mais vulcões ativos (Apenas 5 primeiros) Sim
20%
Mais turista em 2021 (Apenas os 5 primeiros) Sim
17%
Nenhum quiz correspondente encontrado
Distribuição das Pontuações
Porcentagem de Pessoas com Cada Pontuação
Percentil de Números Respondidos
Sua Pontuação Histórica
Você não jogou esse quiz